000 00713nam a2200181 i 4500
001 162622
003 ES-MaACL
005 20230906212552.0
008 931025s1868 sp f |||| | spa d
100 1 _aProsperi, Felix.
_9131386
245 1 0 _aNoticia sobre la gran defensa, nuevo methodo de fortificacion /
_csu autor, Felix Prosperi ; [extractado] por Emilio Bernaldez.
260 _aMadrid :
_b[s.n.],
_c1868 (
_fMemorial de Ingenieros)
300 _a72 p., [5] h. de lám. pleg. ;
_c23 cm.
599 1 _aLas h. de lám. calc.:" Grabado por J. Pajares"
650 4 _aFortificaciones.
_9136136
700 2 1 _aBernáldez y Fernández de Folgueras, Emilio.
_9125954
852 _aES-MaACL
_jG-10013
_z-- Enc. hol.
999 _c162622
_d162622